Statistics for Riigid, mis algavad tähega K

Click here to take the quiz!

General Stats

  • This quiz has been taken 3 times
  • The average score is 7 of 17

Answer Stats

Maa% Correct
Keenia
100%
Kambodža
67%
Kanada
67%
Kiribati
67%
Kosovo
67%
Kreeka
67%
Kamerun
33%
Kasahstan
33%
Kongo Demokraatlik Vabariik
33%
Kongo Vabariik
33%
Kõrgõzstan
33%
Küpros
33%
Kuuba
33%
Kuveit
33%
Katar
0%
Kesk-Aafrika Vabariik
0%
Komoorid
0%

Score Distribution

Percentile by Number Answered

Percent of People with Each Score

Your Score History

You have not taken this quiz